[Event "Stopkin Memorial 1st"]
[Site "Nikolaev"]
[Date "2009.11.27"]
[Round "8"]
[White "Khaysin, Vasiliy"]
[Black "Shepotilo, Vladislav"]
[Result "0-1"]
[WhiteElo "1704"]
[BlackElo "2187"]
[PlyCount "96"]
[EventDate "2009.11.22"]
[EventType "swiss"]
[EventRounds "9"]
[EventCountry "UKR"]
[SourceTitle "EXT 2023"]
[Source "ChessBase"]
[SourceDate "2022.10.05"]
[SourceVersion "1"]
[SourceVersionDate "2022.10.05"]
[SourceQuality "1"]

1. e4 e5 2. Nf3 Nc6 3. Bc4 Bc5 4. d4 exd4 5. 0-0 d6 6. Ng5 Ne5 7. Bb3 h6 8. Nf3 Bg4 9. Nbd2 Nf6 10. Re1 Qd7 11. Nxe5 dxe5 12. f3 Be6 13. Nc4 Qb5 14. Qd3 Bxc4 15. Bxc4 Qd7 16. Bd2 0-0 17. b4 Be7 18. h3 Rad8 19. a3 g5 20. a4 Kg7 21. b5 Bc5 22. g4 Ne8 23. Kg2 Nd6 24. Bb3 f6 25. Rh1 c6 26. bxc6 bxc6 27. h4 Rb8 28. hxg5 fxg5 29. Rh5 Bb4 30. Rah1 Bxd2 31. Qxd2 Nf7 32. Bxf7 Qxf7 33. Qf2 Rh8 34. Qg3 Qf4 35. Qxf4 exf4 36. R5h2 Rb2 37. Kf1 c5 38. Ke1 Ra2 39. Kd2 Rxa4 40. Rb1 Ra3 41. Rb7+ Kg6 42. Rf2 h5 43. gxh5+ Rxh5 44. Rc7 Rh3 45. Rxc5 Raxf3 46. Rg2 Rfg3 47. Re2 f3 48. Rc6+ Kh5 0-1

[Event "Stopkin Memorial 1st"]
[Site "Nikolaev"]
[Date "2009.11.22"]
[Round "1"]
[White "Khaysin, Vasiliy"]
[Black "Nakonechny, Sergey"]
[Result "0-1"]
[WhiteElo "1704"]
[BlackElo "2179"]
[PlyCount "62"]
[EventDate "2009.11.22"]
[EventType "swiss"]
[EventRounds "9"]
[EventCountry "UKR"]
[SourceTitle "EXT 2023"]
[Source "ChessBase"]
[SourceDate "2022.10.05"]
[SourceVersion "1"]
[SourceVersionDate "2022.10.05"]
[SourceQuality "1"]

1. e4 c5 2. Nf3 Nc6 3. c3 d5 4. exd5 Qxd5 5. d4 e5 6. Bb5 cxd4 7. Bxc6+ bxc6 8. cxd4 e4 9. Nc3 Bb4 10. Qe2 Nf6 11. Bd2 Bxc3 12. Bxc3 a5 13. Nd2 Ba6 14. Qe3 0-0 15. Nb3 a4 16. Nc5 Bc4 17. a3 Qh5 18. h3 Rfe8 19. Kd2 Nd5 20. g4 Qg6 21. Qg3 e3+ 22. Kd1 Bb3+ 23. Ke1 exf2+ 24. Kxf2 Qc2+ 25. Kg1 Re3 26. Qf2 Re2 27. Qg3 Nf4 28. Rh2 Rxh2 29. Qxh2 Ne2+ 30. Kf1 Bc4 31. Ke1 Nxd4 0-1